000 00547nam a2200145Ia 4500
041 _aKurdish
082 _a907.2 cut-984 س
100 _a20260118u\\\\\\\\\\\y0engy0103\\\\ba
100 _aمجلة سومر
245 0 _aسومر مجلة علمية تبحث في اثار الوطن العربي وتاريخه الجزء الاول والثاني - المجلد السادس والثلاثون
250 _aچ1
260 _bدار الحرية للطباعة والنشر
_aبغداد -العراق
_c1980
300 _a143
942 _cBk
999 _c189931
_d189931